00720ntm a22002057a 4500008004100000040001200041041000800053044000700061082002500068100003000093245008000123260004700203300004200250490003800292502008500330650001900415655004000434700003300474852000700507191121s2019 ii abd|grm|||a00| 0 eng d aKObeng0 aeng aii04223a378.242bPRM17291 aGhosh, SubhameResearcher12aA Project Report on Development of Minor Ports on the East Coast of India / aKochi :bIndian Maritime University,c2019 a36 p. :bill., charts, maps ;c29 cm.0 aMBA Project 2017-19 ;v1705305029 aProject (MBA)–Indian Maritime University. School of Maritime Management, 2019. 0aHarborszIndia 72lcshaDissertations, Academicy20191 aH. L., Yogamala,cDr.eGuide aKO